ბათუმის შოთა რუსთაველის სახელმწიფო უნივერსიტეტის ბიბლიოთეკა

ბუნებათსარგებლობის გეოგრაფია=Geography of nature management : (ბიბ.ჩანაწერი № 43867)

000 -ლიდერი
ფიქსირებული სიგრძის საკონტროლო ველი 01771nam a2200325Ia 4500
001 - საკონტროლო ნომერი
საკონტროლო ველი 10616
003 - საკონტროლო ნომრის იდენტიფიკატორი
საკონტროლო ველი GE_BSU
005 - ბოლო ოპერაციის თარიღი და დრო
საკონტროლო ველი 20250414121453.0
008 - ფიქსირებული სიგრძის მონაცემთა ელემენტები - ზოგადი ინფორმაცია
ფიქსირებული სიგრძის საკონტროლო ველი 181216s2011||||ge |||||||||||||| ||geo||
020 ## - წიგნის საერთაშორისო სტანდარტული ნომერი
International Standard Book Number 9789941131943
040 ## - კატალოგიზაციის წყარო
Transcribing agency GE_BSU
041 ## - ენის კოდი
Language code of text/sound track or separate title geo
080 ## - უნივერსალური ათობითი კლასიფიკაციის ინდექსი
Universal Decimal Classification number 502.3(479.22) ს–44
100 ## - მთავარი ჩანაწერი - პიროვნების სახელი
Personal name სეფერთელაძე, ზურაბ
9 (RLIN) 10191
245 ## - ცნობა სათაურის შესახებ
Title ბუნებათსარგებლობის გეოგრაფია=Geography of nature management :
Remainder of title [სახელმძღვ.] /
Statement of responsibility, etc ზურაბ სეფერთელაძე, ეთერ დავითაია, გელა მარგველანი; რედ. თენგიზ ურუშაძე; ივანე ჯავახიშვილის სახ. თსუ.
264 ## - წარმოების, გამოცემის, დისტრიბუციის და სხვა ცნობები
გამოცემის, წარმოების, დისტრიბუციის... ადგილი თბ. :
გამოცემის, წარმოების, დისტრიბუციის... სახელწოდება თბილ. უნ-ტის გამ-ბა,
გამოცემის, წარმოების, დისტრიბუციის... თარიღი 2011.
300 ## - ფიზიკური აღწერა
Extent 232 გვ.;
Other physical details 25 სმ.
501 ## - შენიშვნა თანმხლებ მასალაზე
With note ძირითადი ტერმინოლოგია: გვ. 217-226.
504 ## - BIBLIOGRAPHY, ETC. NOTE
Bibliography, etc ბიბლიოგრ.: გვ. 227-230.
520 ## - SUMMARY, ETC.
Summary, etc პარალ. თავფურ. და რეზ. ინგლ.
653 ## - INDEX TERM--UNCONTROLLED
Uncontrolled term საქართველოს ბუნება
653 ## - INDEX TERM--UNCONTROLLED
Uncontrolled term რაციონალური ბუნებათსარგებლობა
653 ## - INDEX TERM--UNCONTROLLED
Uncontrolled term ბუნების დაცვა საქართველოში
700 ## - ADDED ENTRY--PERSONAL NAME
Personal name დავითაია, ეთერ
Relator term ავტორი
9 (RLIN) 24780
700 ## - ADDED ENTRY--PERSONAL NAME
Personal name მარგველანი, გელა
Relator term ავტორი
9 (RLIN) 24781
700 ## - ADDED ENTRY--PERSONAL NAME
Personal name ურუშაძე, თენგიზ
Relator term რედაქტორი
9 (RLIN) 24782
710 ## - ADDED ENTRY--CORPORATE NAME
Corporate name or jurisdiction name as entry element თსუ.
9 (RLIN) 24783
942 ## - ADDED ENTRY ELEMENTS (KOHA)
Koha item type წიგნი
Source of classification or shelving scheme
ეგზემპლარები
ჩამოწერის სტატუსი დაკარგული ეგზემპლარის სტატუსი კლასიფიკაციის წყარო ან თაროზე გაწყობის სქემა დაზიანების სტატუსი არ გაიცემა მუდმივი მდებარეობა (დაცვის ადგილი) ამჟამინდელი ადგილსამყოფელი თაროზე განთავსების ადგილი შეძენის თარიღი ღირებულება, შესყიდვის ნორმალური ფასი სრული შენახვის შიფრი შტრიხკოდი ბოლო ოპერაციის თარიღი ეგზემპლარის მიმდევრობითი ნომერი (კეტერი?) ფასის ძალაში შესვლის თარიღი ეგზემპლარის სახეობა საჯარო შენიშვნა
          ბათუმის შოთა რუსთაველის სახელმწიფო უნივერსიტეტის მთავარი ბიბლიოთეკა ბათუმის შოთა რუსთაველის სახელმწიფო უნივერსიტეტის მთავარი ბიბლიოთეკა წიგნსაცავი 2018-12-17 18.50 502.3(479.22) ს–44 34853 2018-12-17 34853 2018-12-17 წიგნი 18 ლ. 50 თ.
          ბათუმის შოთა რუსთაველის სახელმწიფო უნივერსიტეტის მთავარი ბიბლიოთეკა ბათუმის შოთა რუსთაველის სახელმწიფო უნივერსიტეტის მთავარი ბიბლიოთეკა წიგნსაცავი 2018-12-17 15.50 502.3(479.22) ს–44 34854 2018-12-17 34854 2018-12-17 წიგნი 18 ლ. 50 თ.
          ბათუმის შოთა რუსთაველის სახელმწიფო უნივერსიტეტის მთავარი ბიბლიოთეკა ბათუმის შოთა რუსთაველის სახელმწიფო უნივერსიტეტის მთავარი ბიბლიოთეკა წიგნსაცავი 2018-12-17 18.50 502.3(479.22) ს–44 34855 2018-12-17 34855 2018-12-17 წიგნი 18 ლ. 50 თ.
          ბათუმის შოთა რუსთაველის სახელმწიფო უნივერსიტეტის მთავარი ბიბლიოთეკა ბათუმის შოთა რუსთაველის სახელმწიფო უნივერსიტეტის მთავარი ბიბლიოთეკა წიგნსაცავი 2018-12-17 18.00 502.3(479.22) ს–44 34856 2018-12-17 34856 2018-12-17 წიგნი 18 ლ. 50 თ.